Leader xxxxxxxxxx
001 __ PCLIS00048637
005 __ 20221226095250.0
010 0_ |a978-957-33-3127-8|b平裝|dNT$280
100 __ |a20150417d2015 m y0chiy09 e
101 0_ |achi
102 __ |atw
105 __ |aa z 000cy
200 1_ |a請問侯文詠|e一場與內在對話的旅程|f侯文詠著
205 __ |a初版
210 __ |a臺北市|c皇冠文化|d2015[民104]
215 0_ |a239面|c圖|d21公分
225 1_ |a皇冠叢書|v第4442種
225 2_ |a侯文詠作品|v18
300 __ |a本館最新館藏為2015年七刷
410 _1 |12001 |a侯文詠作品|v18
517 1_ |a一場與內在對話的旅程|zchi
517 1_ |a1場與內在對話的旅程|zchi
606 __ |2cst|a散文
681 __ |a855|b8966
700 _1 |a侯|b文詠|4著
801 _0 |atw|b內湖高中|c20140417|gCCR
801 _2 |atw|b內湖高中|c20221226|gCCR
|